000
00250nam a2200097Ia 4500
001
817280
005
20250826171731.0
008
250824s9999 xx 000 0 und d
245
0
_a
KÜÇÜK ARI BÜYÜK ARI
_c
MUZAFFER İZGÜ
260
_b
BİLGİ YAYINEVİ
999
_c
817280
_d
817280